00466nam a2200193Ia 4500008004100000020001300041050001600054100001600070245004300086245001900129260001500148260001900163260000900182300001600191300002000207300003100227440000600258500000800264170918s9999 xx 000 0 und d a60234814 bL673ch 1994 aLewis, C.S. 4aThe lion, the witch and the wardrobe / cby C.S. Lewis. aNew York : bHarper Trophy, c1994 a206 pages : billustrations ; eThe chronicles of Narnia ; a2 a940